| 000 | 00375cam a22001217a 4500 | ||
|---|---|---|---|
| 008 | 180718b1979 xxu||||| |||| 00| 0 eng d | ||
| 082 | _aA81x54 In2/71/12P | ||
| 100 | _aCensus of India 1971 | ||
| 245 | _aManipur: a portrait of population | ||
| 260 |
_aNew Delhi _bThe Controller of Publications _c1979 |
||
| 300 | _a107+p. | ||
| 440 | _aCensus of India 1971. Series-12, Manipur. | ||
| 999 |
_c485880 _d485880 |
||